书目信息 |
| 题名: |
为坚持辩证唯物主义而战斗
|
|
| 作者: | 杨献珍 , 李唯一 , 于世诚 编 | |
| 分册: | ||
| 出版信息: | 武汉 湖北人民出版社 1980 |
|
| 页数: | 380页 | |
| 开本: | 21cm | |
| 丛书名: | ||
| 单 册: | ||
| 中图分类: | B02-53 | |
| 科图分类: | ||
| 主题词: | 辩证唯物主义 | |
| 电子资源: | ||
| ISBN: | ||
| 000 | 00791nam0 2200229 450 | |
| 001 | 0663319610 | |
| 005 | 20060819173657.70 | |
| 010 | @dCNY1.41 | |
| 100 | @a20060819d1980 km y0chiy0120 ea | |
| 101 | 0 | @achi |
| 102 | @aCN@b420000 | |
| 200 | 1 | @a为坚持辩证唯物主义而战斗@e三次大论战的一方论文集@Awei jian chi bian zheng wei wu zhu yi er zhan dou@f杨献珍,李唯一,于世诚等编@Fyang xian zhen,li wei yi,yu shi cheng deng bian |
| 210 | @a武汉@c湖北人民出版社@d1980 | |
| 215 | @a380页@d21cm | |
| 517 | 1 | @a三次大论战的一方论文集@Asan ci da lun zhan de yi fang lun wen ji |
| 606 | 0 | @a辩证唯物主义 |
| 690 | @aB02-53@v3 | |
| 701 | 0 | @a杨献珍@Ayang xian zhen@4编 |
| 701 | 0 | @a李唯一@Ali wei yi@4编 |
| 701 | 0 | @a于世诚@Ayu shi cheng@4编 |
| 801 | 0 | @aCN@bPFT@c20060819 |
| 905 | @a10447@dB02-53@e94 | |
| 为坚持辩证唯物主义而战斗:三次大论战的一方论文集/杨献珍,李唯一,于世诚等编.-武汉:湖北人民出版社,1980 |
| 380页;21cm |
| ISBN :CNY1.41 |
| ● |
| 相关链接 |
|
|
|
|
正题名:为坚持辩证唯物主义而战斗
索取号:B02-53/94
 
预约/预借
| 序号 | 登录号 | 条形码 | 馆藏地/架位号 | 状态 | 备注 |
| 1 | 0471191 | 204711918 | 密集书库/ [索取号:B02-53/94] | 在馆 |